The plan for New Haven (Record no. 9543)

000 -LEADER
fixed length control field 00391nam a22001457a 4500
003 - CONTROL NUMBER IDENTIFIER
control field OSt
005 - DATE AND TIME OF LATEST TRANSACTION
control field 20210702122900.0
008 - FIXED-LENGTH DATA ELEMENTS--GENERAL INFORMATION
fixed length control field 210702b ||||| |||| 00| 0 eng d
020 ## - INTERNATIONAL STANDARD BOOK NUMBER
International Standard Book Number 9781595341297
082 ## - DEWEY DECIMAL CLASSIFICATION NUMBER
Classification number 711.4097468
Item number OLM
100 ## - MAIN ENTRY--PERSONAL NAME
Personal name Olmsted, Frederick Law,
Dates associated with a name 1870-1957;
245 ## - TITLE STATEMENT
Title The plan for New Haven
260 ## - PUBLICATION, DISTRIBUTION, ETC. (IMPRINT)
Place of publication, distribution, etc U.S.
Name of publisher, distributor, etc Trinity University Press,
Date of publication, distribution, etc 14 March 2013
942 ## - ADDED ENTRY ELEMENTS (KOHA)
Source of classification or shelving scheme
Holdings
Withdrawn status Lost status Source of classification or shelving scheme Damaged status Koha normalized classification for sorting Not for loan Permanent location Current location Date acquired Full call number Barcode Date last seen Price effective from Koha item type
        711_409746800000000_OLM   BMS College of Architecture, Design and Planning BMS College of Architecture, Design and Planning 2021-07-02 711.4097468 OLM AR-PG431 2021-07-02 2021-07-02 PG Books
Copyright © 2025, The Librarian, Library and Information Centre, BMSCA D&P, Bengaluru. All Rights Reserved
web counter

Powered by Koha